Experiences in visual thinking
Αποθηκεύτηκε σε:
| Κύριος συγγραφέας: | |
|---|---|
| Μορφή: | Βιβλίο |
| Γλώσσα: | English |
| Δημοσίευση: |
Monterey, Calif. :
Brooks/Cole Pub. Co.,
c1980
|
| Έκδοση: | 2nd ed. |
| Θέματα: | |
| Ετικέτες: |
Προσθήκη ετικέτας
Δεν υπάρχουν, Καταχωρήστε ετικέτα πρώτοι!
|
MARC
| LEADER | 00000cam a2200000 i 4500 | ||
|---|---|---|---|
| 001 | 1/38738 | ||
| 008 | 970922s1980 eng d | ||
| 020 | |a 0818504110 | ||
| 035 | |l 10040838 | ||
| 035 | |a 1997 |c ΔΩΡΕΑ ΤΖΑΦΕΡΗ | ||
| 040 | |a GR-MY-UA |b gre |e aacr | ||
| 041 | 0 | |a eng | |
| 082 | 0 | |a 153.42 | |
| 100 | 1 | |a McKim, Robert H. | |
| 245 | 1 | 0 | |a Experiences in visual thinking / |c Robert H. McKim |
| 250 | |a 2nd ed. | ||
| 260 | |a Monterey, Calif. : |b Brooks/Cole Pub. Co., |c c1980 | ||
| 300 | |a xiii, 183 p.; |b ill.; |c 22 x 28 cm. | ||
| 504 | |a Includes bibliographies and index | ||
| 650 | 0 | 0 | |a Thought and thinking. |
| 650 | 0 | 0 | |a Visualization. |
| 852 | |a INST |b SAMOS |e 19970922 |h 153.42 MCK |p 005300008837 |q 005300008837 |t BK |y 0 | ||
| 901 | |a BIBL-1997-2 | ||
| 909 | |a Σ |b 050422 | ||